01154nam a2200241 a 4500001001500000005001700015008004100032020003500073020003000108040000600138082002200144100002400166245008000190260004100270300002100311490004400332520026900376830004400645856008200689942001200771999001700783952011200800ASIN023036795X20170105102927.0131212s2012 xxu eng d a023036795X (paperback)c$38.00 a9780230367951 (paperback) a0 a332.152bMOS 20121 aMoschella, Manuela.10aGoverning risk :bthe imf and global financial crises /cManuela Moschella. a[S.l.] :bPalgrave Macmillan,c2012. a232 p. ;c22 cm.1 aInternational political economy series. aBy comparing the policies the international community requested the IMF to follow in the aftermath of the Mexican, Asian and subprime crises, the book traces the evolution of the international regulatory framework from an agent-centered constructivist perspective. 0aInternational political economy series.403Amazon.comuhttp://www.amazon.com/exec/obidos/ASIN/023036795X/chopaconline-20 2ddccBK c15856d15856 001040708NFICaCIPSbCIPScGENd2013-10-02l0o332.152 MOS 2012pCIPS0001956r2013-12-12w2013-12-12yBK